Learning with cases / (Record no. 2927)
[ view plain ]
| 000 -LEADER | |
|---|---|
| fixed length control field | nam a22 7a 4500 |
| 005 - DATE AND TIME OF LATEST TRANSACTION | |
| control field | 20170518163523.0 |
| 008 - FIXED-LENGTH DATA ELEMENTS--GENERAL INFORMATION | |
| fixed length control field | 170518b2007 -uk||||| |||| 00| 0 eng d |
| 020 ## - INTERNATIONAL STANDARD BOOK NUMBER | |
| International Standard Book Number | 9780771425844 |
| 040 ## - CATALOGING SOURCE | |
| Original cataloging agency | AKMAL |
| 082 ## - DEWEY DECIMAL CLASSIFICATION NUMBER | |
| Classification number | 658.0722 LEE |
| 090 ## - LOCALLY ASSIGNED LC-TYPE CALL NUMBER (OCLC); LOCAL CALL NUMBER (RLIN) | |
| Classification number (OCLC) (R) ; Classification number, CALL (RLIN) (NR) | 658.0722 |
| Local cutter number (OCLC) ; Book number/undivided call number, CALL (RLIN) | LEE |
| 100 1# - MAIN ENTRY--PERSONAL NAME | |
| Personal name | Mauffette-Leenders, Louise A. |
| 9 (RLIN) | 6130 |
| 245 10 - TITLE STATEMENT | |
| Title | Learning with cases / |
| Remainder of title | Louise A. Mauffette-Leenders, James A. Erskine, Michiel R. Leenders. |
| 250 ## - EDITION STATEMENT | |
| Edition statement | 4th ed |
| 260 ## - PUBLICATION, DISTRIBUTION, ETC. | |
| Place of publication, distribution, etc. | London, Ont. : |
| Name of publisher, distributor, etc. | Ivey, |
| Date of publication, distribution, etc. | c2007 |
| 300 ## - PHYSICAL DESCRIPTION | |
| Extent | x, 135 p. : |
| Other physical details | ill. ; |
| Dimensions | 23 cm |
| 504 ## - BIBLIOGRAPHY, ETC. NOTE | |
| Bibliography, etc. note | Includes bibliographical references and index. |
| 599 ## - LOCAL NOTE | |
| Local Note | DALAM PROSES |
| 700 1# - ADDED ENTRY--PERSONAL NAME | |
| Personal name | Erskine, James A. |
| 9 (RLIN) | 6131 |
| 700 1# - ADDED ENTRY--PERSONAL NAME | |
| Personal name | Leenders, Michiel R. |
| 9 (RLIN) | 6132 |
| 710 2# - ADDED ENTRY--CORPORATE NAME | |
| Corporate name or jurisdiction name as entry element | Richard Ivey School of Business. |
| 9 (RLIN) | 6133 |
| 942 ## - ADDED ENTRY ELEMENTS (KOHA) | |
| Source of classification or shelving scheme | |
| Koha item type | Book |
| Withdrawn status | Lost status | Source of classification or shelving scheme | Damaged status | Not for loan | Collection code | Home library | Current library | Shelving location | Date acquired | Inventory number | Total Checkouts | Full call number | Barcode | Date last seen | Price effective from | Koha item type |
|---|---|---|---|---|---|---|---|---|---|---|---|---|---|---|---|---|
| NON-FICTION | AKMAL Melaka | AKMAL Melaka | PINJAMAN | 18.05.2017 | 602680 | 658.0722 LEE | 201703754 | 18.05.2017 | 18.05.2017 | Book |
